000 00654nam a2200253Ia 4500
003 OSt
005 20220918163216.0
006 a|||||r|||| 00| 0
007 ta
008 220917b |||||||| |||| 00| 0 eng d
020 _a0 297 77945 1
024 _a29,822
037 _cTextual
040 _aARTS
_cARTS
_beng
041 _2eng
_aeng
082 _aO111,3N13,1, Ml
100 _aShaw Irwin
_912008
245 0 _aBread upon the waters
260 _aLondon
_bWedidenfeld UK
_c1981
300 _a391p.
_ccm.
650 _aENGLISH LITERATURE
942 _hO111,3N13,1, Ml
_cTEXL
_2CC
999 _c118455
_d118455